000 00622nam a2200193Ia 4500
005 20240530103307.0
008 140319s1994 xx 000 0 ara d
020 _a01R160144
040 _aGCL /
_cGCL
082 0 4 _a413.028 /
_bع م
100 _aعدنان الخطيب
245 1 0 _aالمعجم العربى بين الماضى والحاضر /
_cعدنان الخطيب
260 _aبيروت :
_bمكتبة لبنان ناشرون ،
_c1994
300 _a99 ص؛
_b24 سم
650 0 4 _aاللغة العربية
650 0 4 _aالمعاجم
942 _2ddc
_cBK
999 _c38247
_d38247